00858nam a2200229 a 450000500170000000800410001702000150005804000250007304100080009804400070010608200190011311000810013224501100021326000560032330000250037950000860040465000300049065000190052065000240053965000350056366200300059820200104041547.0131118b2004 ck ||||| |||| 00| 0 spa d a9588151767 aCO-BoIAVHcCO-BoIAVH aspa ack a333.9516bI11i2 bInstituto de Investigación de Recursos Biológicos Alexander von Humboldt10aInformar Andes :binformación municipal y regional asociada a la biodiversidad en los Andes colombianos aBogotá:bInstituto Alexander von Humboldt,c2004. a79 páginasc28 cm. aEj. 1 manual de usuario - informe técnico Ej. 2 y 3 Guía de usuario publicado14aSistemas de información14aBases de datos14aManuales de usuario14aInformación socioeconómica 4aColombiacRegión Andina